000 01539nam a2200289Ia 4500
999 _c4040
_d4040
003 OSt
005 20200504130203.0
008 191128s2009 ck ab gr 000 0 spa d
020 _a9789588063706
040 _aCO-JMCR
_cCO-JMCR
041 0 _aspa
082 0 4 _a305.809861 /
_bM912a
100 1 _aMosquera Rosero-Labbé, Claudia,
_eautora
_93866
245 1 0 _aAcciones afirmativas y ciudadanía diferenciada étnico-racial negra, afrocolombiana, palenquera y raizal :
_bentre bicentenarios de las independencias y constitución de 1991 /
_cClaudia Mosquera Rosero-Labbé, Ruby Esther León Díaz
250 _aPrimera edición
260 _aBogotá :
_bUniversidad Nacional de Colombia. Facultad de Ciencias Humanas,
_c2009
300 _axxxvii, 832 páginas :
_bmapas ;
_c24 cm.
300 _b
300 _c 24 cm
490 0 _aInvestigaciones CES. Idcarán
505 _aAcciones afirmativas en Colombia -- Los bicentenarios de las Independencias y la ciudadanía diferenciada étnico-racial negra, afrocolombiana, palenquera y raizal -- Las acciones afirmativas como medio de inclusión social -- Desigualdades sociodemográficas
520 _aHablar de temas raciales en Colombia de manera ineluctable con cierto escepticismo, manifestado en frases como "yo creía que eso no existía", o bien "otra vez los negritos quejándose y pidiendo".
650 1 4 _aDiscriminación racial
_zColombia
_93867
650 2 4 _aAfrocolombianos
_zColombia
_93868
700 1 _aLeón Díaz, Ruby Esther,
_eautora
_93869
942 _2ddc
_cBK